Biblioteca

Anabautismo y evangelicismo / C. Norman Kraus ; Marta Judith Padilla de Mejía, Traductor (Registro nro. 38864)

Detalles MARC
000 -LÍDER
Campo fijo de descripción fija 005490000a22001810004500
041 0# - CÓDIGO DE IDIOMA
Código de idioma para texto/pista de sonido o título separado
082 04 - NÚMERO DE CLASIFICACIÓN DECIMAL DEWEY
Número de clasificación G 284.3 K911a
001 - NÚMERO DE CONTROL
Campo de control 8744
100 1# - ASIENTO PRINCIPAL--NOMBRE PERSONAL
Nombre personal Kraus, C. Norman
245 10 - TÍTULO
Título del Material Anabautismo y evangelicismo / C. Norman Kraus ; Marta Judith Padilla de Mejía, Traductor
260 ## - PUBLICACIÓN, DISTRIBUCIÓN, ETC. (PIE DE IMPRENTA)
Lugar de publicación, distribución, etc. Ciudad de Guatemala, Guatemala : Semilla
300 ## - DESCRIPCIÓN FÍSICA
Extensión 184 Pag
336 ## - CONTENT TYPE
Content type term texto
Content type code txt
Source rdacontent
337 ## - MEDIA TYPE
Source rdamedia
Media type term sin mediación
Media type code n
338 ## - CARRIER TYPE
Source rdacarrier
Carrier type term volumen
Carrier type code nc
500 ## - NOTA GENERAL
Nota General Título original : Evangelicalism and anabaptism
942 ## - TIPO DE MATERIAL (KOHA)
Tipo de Item KOHA Libros General
Existencias
Estado de Material Estado de Perdido Estado de Dañado No para Préstamo Colección Tomo Biblioteca de Origen Biblioteca Permanente Fecha de Adquisición Total de Préstamos Signatura Topográfica Código de Barras Última vez visto Ejemplar/Existencia Fecha de Remplazo Tipo de Material
        Colección General   Biblioteca FUSBC Biblioteca FUSBC 14/01/2005   G 284.3 K911a 7336 20/02/2024 1 26/01/2016 Libros General

Biblioteca FUSBC | Teléfono: (57+4) 349 88 10 Ext. 141| WhatsApp (+57) 3005338115 
E-mail: biblioteca@unisbc.edu.co | Calle 76 87-14 Robledo Palenque, Medellín, Colombia

Con tecnología Koha